Konverzné povlaky na báze zirkónia pre hliníkovú zliatinu 2024 bakalárska práca

Guardado en:
Detalles Bibliográficos
Autor principal: Karľová, Mária
Formato: Libro
Lenguaje:eslovaco
Publicado: Bratislava STU FCHPT 2017
Acceso en línea:Ver en el OPAC
Etiquetas: Agregar Etiqueta
Sin Etiquetas, Sea el primero en etiquetar este registro!

MARC

LEADER 00000nam a2200000 a 4500
005 20260127134236.0
008 171122 2017 xo 001 0 slo d
035 |a vtls011721828 
039 9 |y 201711220941  |z mschk03 
040 |a STUSCHK1  |b slo  |c STUSCHK1  |e AACR2 
100 1 |a Karľová, Mária 
245 1 |a Konverzné povlaky na báze zirkónia pre hliníkovú zliatinu 2024  |b bakalárska práca  |c Mária Karľová 
260 |a Bratislava  |b STU FCHPT  |c 2017 
300 |a 42 s.  |b il.  |c 25 cm 
500 |a Študijný program: chémia, medicínska chémia a chemické materiály 
500 |a Študijný odbor: chémia, chemické technológie 
500 |a Školiace pracovisko: Oddelenie anorganickej technológie 
500 |a Evid. číslo: FCHPT-13569-65113 
910 |a SCHK95 
999 |c 7629  |d 7629